Religion Quiz

Random Religion or Verse Quiz

Bible Opening Lines Quiz Stats

 Plays Quiz Updated Feb 27, 2020

Support Sporcle.
Go Orange.
Score 0/30 Timer 10:00
1 Play Today
First Phrase (King James Version) Book of the Bible % Correct
In the beginning God...Genesis
80.1%
James, a servant of God...James
78.1%
The Revelation of Jesus Christ, which God gave unto him...Revelation
74.8%
The Song of songs, which is Solomon's...Song of Solomon
74.5%
The vision of Isaiah the son of Amoz, which he saw concerning Judah and Jerusalem in the days of Uzziah...Isaiah
74.3%
Now after the death of Moses...Joshua
73.9%
The Proverbs of Solomon, the son of David, king of Israel...Proverbs
72.2%
The beginning of the gospel of Jesus Christ...Mark
71.1%
And the Lord spake unto Moses in the wilderness of Sinai...Numbers
68.2%
The book of the generation of Jesus Christ...Matthew
65.5%
In the beginning was...John
65%
Blessed is the man that walketh not...Psalms
61.3%
Now these are the names of the children of Israel, which came into Egypt...Exodus
60.2%
These be the words which Moses spake unto all Israel on this side Jordan...Deuteronomy
52.5%
There was a man in the land of Uz...Job
47.7%
First Phrase (King James Version) Book of the Bible % Correct
Now king David was old and stricken in years...1 Kings
47.7%
Now it came to pass after the death of Saul...2 Samuel
44.8%
Now it came to pass in the days when the judges ruled...Ruth
44.1%
Paul and Timotheus, the servants of Jesus Christ...Philippians
32.6%
And Solomon the son of David was strengthened in his kingdom... 2 Chronicles
32.1%
Paul, and Silvanus, and Timotheus unto the church of...1 Thessalonians & 2 Thessalonians
26.4%
The former treatise I have made...Acts
25.5%
Forasmuch as many have taken in hand...Luke
24.4%
Now in the first year of Cyrus king of Persia...Ezra
24%
God, who at sundry times and in divers manners spake in time past ...Hebrews
23.7%
How doth the city sit solitary...Lamentations
23.4%
In the third year of the reign of Jehoiakim king of Judah...Daniel
22.6%
Adam, Sheth, Enosh...1 Chronicles
18.5%
The burden of the word of the Lord to Israel...Malachi
13.1%
In the eighth month, in the second year of Darius...Zechariah
10.2%

From the Vault

'Q' in Geography

by RobPro

When did it become Qeography?
Remove Ads.
Support Sporcle.
Get the best of Sporcle when you Go Orange. This ad-free experience offers more features, more stats, and more fun while also helping to support Sporcle. Thank you for becoming a member.

Show Comments

Extras

Top Quizzes Today


Score Distribution

Your Account Isn't Verified!

In order to create a playlist on Sporcle, you need to verify the email address you used during registration. Go to your Sporcle Settings to finish the process.

Report this User

Report this user for behavior that violates our Community Guidelines.

Details: